Statistiche per Stati che iniziano con la M

Clicka qui per fare il quiz!

Statistiche generali

  • Questo quiz è stato fatto 44 volte
    (22 dall'ultimo reset)
  • Il punteggio medio è 12 su 16

Statistiche sulle risposte

Superficie (km²)Popolazione (ab.)Stato% Corretto
1 964 375132 740 378Messico
89%
587 04126 251 309Madagascar
84%
118 48418 449 828Malawi
79%
330 80333 191 122Malaysia
79%
300383 135Maldive
79%
1 240 19220 250 833Mali
79%
316514 564Malta
79%
1 030 7004 173 077Mauritania
79%
33 8462 640 438Moldavia
79%
2,0238 100Monaco
79%
25 7132 076 255Macedonia del Nord
74%
1 564 1103 451 42Mongolia
68%
13 812621 873Montenegro
68%
801 59030 066 648Mozambico
68%
2 0401 266 000Mauritius
63%
446 55037 799 089Marocco
58%

Distribuzione punteggi

Percentile per numero di risposta

Percentuale di utenti per punteggio

I tuoi punteggi nel tempo

Non hai fatto questo quiz dall'ultimo reset